| 000 | 01100nem0a2200277 4500 | ||
|---|---|---|---|
| 001 | RU\NLR\BIBL_A\010357224 | ||
| 005 | 20250614042518.0 | ||
| 035 | _a(NLR Aleph) 010357224 | ||
| 090 |
_a10766682 _c10766682 |
||
| 100 | _a20140515d1914 |||y0rusy50 ca | ||
| 101 | 0 | _arus | |
| 102 | _aRU | ||
| 120 | _abay xx|| | ||
| 123 | 1 |
_aa _b4000000 |
|
| 200 | 1 |
_aПопулярная карта театра Европейской войны _bКарты _fСост. И.В.Венедиктов |
|
| 206 | _a[1:4 000 000, 40 км в 1 см] | ||
| 210 |
_aСанкт-Петербург _cХромолит. "Екатерингофское печатное дело" _d1914 |
||
| 215 |
_a1 к. _aцв., указ. _d82х63 см, в обл. 28х19 см _eУказатель (8 с., 28х19 см) |
||
| 509 | 0 | 1 |
_7ca _aЕвропа _92633316 _3RU\NLR\auth_crt\55133 |
| 606 | 1 |
_aТеатры военных действий _92178135 _3RU\NLR\auth_crt\66189 |
|
| 702 | 1 |
_aВенедиктов _bИ.В. _4220 |
|
| 852 |
_aNLR _bК _j3-Евр 6/431 _m23695 |
||
| 942 | _cMAP | ||
| 980 | _aNB | ||
| 980 | _aCRT_W14 | ||